| 000 | 00714nam a2200241 4500 | ||
|---|---|---|---|
| 005 | 20160905194310.0 | ||
| 008 | 150311b xxu||||| |||| 00| 0 spa d | ||
| 041 | _aspa | ||
| 082 | _a658 F812d | ||
| 100 |
_aFraile, Guillermo _918317 |
||
| 100 |
_aDelbosco, Paola _918318 |
||
| 245 | _aEl desafío de cada día: familia y trabajo (re) conciliados | ||
| 260 |
_aArgentina _bTEMAS _c2010 |
||
| 300 | _a176 páginas | ||
| 650 |
_aADMINISTRACION DE EMPRESAS _9521 |
||
| 650 |
_aTRABAJO HUMANO _918319 |
||
| 650 |
_aMUJER Y TRABAJO _918320 |
||
| 650 |
_aTRABAJO Y FAMILIA _918321 |
||
| 650 |
_aCULTURA EMPRESARIAL _95640 |
||
| 650 |
_aPERFILES GENERACIONALES _918322 |
||
| 650 |
_aMATERNIDAD _912783 |
||
| 942 | _cBK | ||
| 999 |
_c3885 _d3885 |
||